000 01250nam a2200301 a 4500
001 BRCA_3265
005 20190320204208.0
008 120309s1831----enka---###---#000-0#eng-#
041 _aeng
044 _aenk
084 _a566
_b.T55
_c1831
100 1 _aCervantes Saavedra, Miguel de
_d1547-1616
_9213
245 1 0 _aThe Spirit of Don Quixote.
260 _aLondres
_bCharles Tilt
_c1831
300 _aiv, 310 p.
_bil. a color
_c20 cm.
500 _aContenido : Texto compendiado de la novela. Prefacio del traductor
500 _aEdición : Being a Selection of the Episodes and Incidents with a Summary Sketch of the Story of that Popular Romance. Plates
500 _aCompendio de la obra por traductor anónimo. Va adornado con láminas en color de autor anónimo. Piel; planos orlados y lomos decorados con filetes dorados Lúdovik Osterc
500 _aQMB42
546 _aTexto en : inglés
650 1 4 _aNovela española
_yÉpoca clásica, 1500-1700
_9215
650 1 4 _aLiteratura española
_yÉpoca clásica, 1500-1700
_9216
650 1 4 _aNovela española
_ySiglo XVII
_9217
650 1 4 _aDon Quijote (Personaje ficticio)
_eNovela
_9218
740 0 _aEl Ingenioso Hidalgo Don Quijote de la Mancha
902 _aQFM
942 _2lcc
_cB
999 _c3001
_d3001